<?xml version="1.0" encoding="UTF-8"?>
<record
    xmlns:xsi="http://www.w3.org/2001/XMLSchema-instance"
    xsi:schemaLocation="http://www.loc.gov/MARC21/slim http://www.loc.gov/standards/marcxml/schema/MARC21slim.xsd"
    xmlns="http://www.loc.gov/MARC21/slim">

  <leader>00589nam a22001337a 4500</leader>
  <datafield tag="040" ind1=" " ind2=" ">
    <subfield code="c">RUA</subfield>
  </datafield>
  <datafield tag="082" ind1=" " ind2=" ">
    <subfield code="a">FIS SAM 2012 B184 Or.1</subfield>
  </datafield>
  <datafield tag="100" ind1=" " ind2=" ">
    <subfield code="a">SAMBATH, VISAL.</subfield>
  </datafield>
  <datafield tag="245" ind1=" " ind2=" ">
    <subfield code="a">Morphology of puntius spp. in the cambodian mekong basin, &#x179B;&#x1780;&#x17D2;&#x1781;&#x178E;&#x17C8;&#x179A;&#x17BC;&#x1794;&#x179F;&#x17B6;&#x179F;&#x17D2;&#x179A;&#x17D2;&#x178F;&#x178F;&#x17D2;&#x179A;&#x17B8;&#x17A2;&#x1784;&#x17D2;&#x1780;&#x1799;&#x17CB;&#x1794;&#x17D2;&#x179A;&#x17B6;&#x1780;&#x17CB;&#x1780;&#x17D2;&#x1793;&#x17BB;&#x1784;&#x17A2;&#x17B6;&#x1784;&#x1791;&#x1793;&#x17D2;&#x179B;&#x17C1;&#x1798;&#x17C1;&#x1782;&#x1784;&#x17D2;&#x1782;&#x1780;&#x1798;&#x17D2;&#x1796;&#x17BB;&#x1787;&#x17B6;</subfield>
  </datafield>
  <datafield tag="260" ind1=" " ind2=" ">
    <subfield code="a">Phnom Penh</subfield>
    <subfield code="b">RUA</subfield>
    <subfield code="c">2012</subfield>
  </datafield>
  <datafield tag="300" ind1=" " ind2=" ">
    <subfield code="a">vii; 33p.</subfield>
    <subfield code="b">ill.</subfield>
    <subfield code="c">29cm.</subfield>
  </datafield>
  <datafield tag="856" ind1=" " ind2=" ">
    <subfield code="u">https://drive.google.com/file/d/1elziTcVzkqMQhWbw6MOA1iI79YXWVYZw/view?usp=sharing</subfield>
  </datafield>
  <datafield tag="942" ind1=" " ind2=" ">
    <subfield code="c">FIS</subfield>
  </datafield>
  <datafield tag="999" ind1=" " ind2=" ">
    <subfield code="c">4049</subfield>
    <subfield code="d">4049</subfield>
  </datafield>
  <datafield tag="952" ind1=" " ind2=" ">
    <subfield code="0">0</subfield>
    <subfield code="1">0</subfield>
    <subfield code="2">ddc</subfield>
    <subfield code="4">0</subfield>
    <subfield code="6">FIS_SAM_2012_000000000000000_B184_OR_1</subfield>
    <subfield code="7">0</subfield>
    <subfield code="9">20532</subfield>
    <subfield code="a">LBB</subfield>
    <subfield code="b">LBB</subfield>
    <subfield code="c">B184</subfield>
    <subfield code="d">2015-12-05</subfield>
    <subfield code="o">FIS SAM 2012 B184 Or.1</subfield>
    <subfield code="p">RUA037082</subfield>
    <subfield code="r">2015-12-05</subfield>
    <subfield code="w">2015-12-05</subfield>
    <subfield code="y">FIS</subfield>
  </datafield>
  <datafield tag="952" ind1=" " ind2=" ">
    <subfield code="0">0</subfield>
    <subfield code="1">0</subfield>
    <subfield code="2">ddc</subfield>
    <subfield code="4">0</subfield>
    <subfield code="6">FIS_SAM_2012_000000000000000_B184_OR_2</subfield>
    <subfield code="7">0</subfield>
    <subfield code="9">20533</subfield>
    <subfield code="a">LBB</subfield>
    <subfield code="b">LBB</subfield>
    <subfield code="c">B184</subfield>
    <subfield code="d">2015-12-05</subfield>
    <subfield code="l">1</subfield>
    <subfield code="o">FIS SAM 2012 B184 Or.2</subfield>
    <subfield code="p">RUA035415</subfield>
    <subfield code="r">2024-09-27</subfield>
    <subfield code="s">2024-09-18</subfield>
    <subfield code="w">2015-12-05</subfield>
    <subfield code="y">FIS</subfield>
  </datafield>
  <datafield tag="952" ind1=" " ind2=" ">
    <subfield code="0">0</subfield>
    <subfield code="1">0</subfield>
    <subfield code="2">ddc</subfield>
    <subfield code="4">0</subfield>
    <subfield code="6">FIS_SAM_2012_000000000000000_B184_OR_4</subfield>
    <subfield code="7">0</subfield>
    <subfield code="9">20534</subfield>
    <subfield code="a">LBB</subfield>
    <subfield code="b">LBB</subfield>
    <subfield code="c">B184</subfield>
    <subfield code="d">2015-12-05</subfield>
    <subfield code="l">3</subfield>
    <subfield code="o">FIS SAM 2012 B184 Or.4</subfield>
    <subfield code="p">RUA037157</subfield>
    <subfield code="r">2016-09-19</subfield>
    <subfield code="s">2016-08-12</subfield>
    <subfield code="w">2015-12-05</subfield>
    <subfield code="y">FIS</subfield>
  </datafield>
  <datafield tag="952" ind1=" " ind2=" ">
    <subfield code="0">0</subfield>
    <subfield code="1">0</subfield>
    <subfield code="2">ddc</subfield>
    <subfield code="4">0</subfield>
    <subfield code="6">FIS_SAM_2012_000000000000000_B184_OR_3</subfield>
    <subfield code="7">0</subfield>
    <subfield code="9">20535</subfield>
    <subfield code="a">LBB</subfield>
    <subfield code="b">LBB</subfield>
    <subfield code="c">B184</subfield>
    <subfield code="d">2015-12-05</subfield>
    <subfield code="o">FIS SAM 2012 B184 Or.3</subfield>
    <subfield code="p">RUA036953</subfield>
    <subfield code="r">2015-12-05</subfield>
    <subfield code="w">2015-12-05</subfield>
    <subfield code="y">FIS</subfield>
  </datafield>
  <datafield tag="952" ind1=" " ind2=" ">
    <subfield code="0">0</subfield>
    <subfield code="1">0</subfield>
    <subfield code="2">ddc</subfield>
    <subfield code="4">0</subfield>
    <subfield code="6">FIS_SAM_2012_000000000000000_B184_OR_5</subfield>
    <subfield code="7">0</subfield>
    <subfield code="9">20536</subfield>
    <subfield code="a">LBB</subfield>
    <subfield code="b">LBB</subfield>
    <subfield code="c">B184</subfield>
    <subfield code="d">2015-12-05</subfield>
    <subfield code="l">3</subfield>
    <subfield code="o">FIS SAM 2012 B184 Or.5</subfield>
    <subfield code="p">RUA036842</subfield>
    <subfield code="r">2019-01-15</subfield>
    <subfield code="s">2018-12-14</subfield>
    <subfield code="w">2015-12-05</subfield>
    <subfield code="y">FIS</subfield>
  </datafield>
  <datafield tag="952" ind1=" " ind2=" ">
    <subfield code="0">0</subfield>
    <subfield code="1">0</subfield>
    <subfield code="2">ddc</subfield>
    <subfield code="4">0</subfield>
    <subfield code="6">FIS_SAM_2012_000000000000000_B184_OR_6</subfield>
    <subfield code="7">0</subfield>
    <subfield code="9">20537</subfield>
    <subfield code="a">LBB</subfield>
    <subfield code="b">LBB</subfield>
    <subfield code="c">B184</subfield>
    <subfield code="d">2015-12-05</subfield>
    <subfield code="o">FIS SAM 2012 B184 Or.6</subfield>
    <subfield code="p">RUA037608</subfield>
    <subfield code="r">2015-12-05</subfield>
    <subfield code="w">2015-12-05</subfield>
    <subfield code="y">FIS</subfield>
  </datafield>
</record>
